Every Bayern Munich Player Since 2000 - Statistics

General Stats
  • This quiz has been taken 623 times
  • The average score is 359 of 612
Answer Stats
% Correct
2022/23 GK Germany Manuel Neuer 16
99%
2021/22 GK Germany Manuel Neuer 39
99%
2020/21 GK Germany Manuel Neuer 46
99%
2019/20 GK Germany Manuel Neuer 51
99%
2018/19 GK Germany Manuel Neuer 38
99%
2017/18 GK Germany Manuel Neuer 4
99%
2016/17 GK Germany Manuel Neuer 40
99%
2015/16 GK Germany Manuel Neuer 51
99%
2014/15 GK Germany Manuel Neuer 50
99%
2013/14 GK Germany Manuel Neuer 51
99%
2012/13 GK Germany Manuel Neuer 50
99%
2011/12 GK Germany Manuel Neuer 52
99%
2021/22 ST Poland Robert Lewandowski 46 50
98%
2020/21 ST Poland Robert Lewandowski 40 48
98%
2019/20 ST Poland Robert Lewandowski 47 55
98%
2018/19 ST Poland Robert Lewandowski 47 40
98%
2017/18 ST Poland Robert Lewandowski 48 41
98%
2016/17 ST Poland Robert Lewandowski 47 43
98%
2015/16 ST Poland Robert Lewandowski 51 42
98%
2014/15 ST Poland Robert Lewandowski 49 25
98%
2022/23 SS Germany Thomas Muller 40 8
97%
2021/22 SS Germany Thomas Muller 45 13
97%
2020/21 SS Germany Thomas Muller 46 15
97%
2019/20 SS Germany Thomas Muller 50 14
97%
2018/19 SS Germany Thomas Muller 45 9
97%
2017/18 SS Germany Thomas Muller 45 15
97%
2016/17 SS Germany Thomas Muller 42 9
97%
2015/16 SS Germany Thomas Muller 49 32
97%
2014/15 SS Germany Thomas Muller 48 21
97%
2013/14 SS Germany Thomas Muller 51 26
97%
2012/13 SS Germany Thomas Muller 47 23
97%
2011/12 SS Germany Thomas Muller 53 11
97%
2010/11 SS Germany Thomas Muller 48 19
97%
2009/10 SS Germany Thomas Muller 52 19
97%
2008/09 SS Germany Thomas Muller 5 1
97%
2022/23 RW Germany Leroy Sane 44 14
96%
2021/22 RW Germany Leroy Sane 45 14
96%
2020/21 RW Germany Leroy Sane 44 10
96%
2022/23 LB Canada Alphonso Davies 38 3
95%
2021/22 LB Canada Alphonso Davies 31
95%
2020/21 LB Canada Alphonso Davies 35 1
95%
2019/20 LB Canada Alphonso Davies 43 3
95%
2018/19 LB Canada Alphonso Davies 6 1
95%
2018/19 RW Netherlands Arjen Robben 19 6
95%
2017/18 RW Netherlands Arjen Robben 34 7
95%
2016/17 RW Netherlands Arjen Robben 37 16
95%
2015/16 RW Netherlands Arjen Robben 22 7
95%
2014/15 RW Netherlands Arjen Robben 30 19
95%
2013/14 RW Netherlands Arjen Robben 45 21
95%
2012/13 RW Netherlands Arjen Robben 31 13
95%
2011/12 RW Netherlands Arjen Robben 36 19
95%
2010/11 RW Netherlands Arjen Robben 18 13
95%
2009/10 RW Netherlands Arjen Robben 37 23
95%
2018/19 LW France Franck Ribery 38 7
95%
2017/18 LW France Franck Ribery 34 6
95%
2016/17 LW France Franck Ribery 32 5
95%
2015/16 LW France Franck Ribery 22 2
95%
2014/15 LW France Franck Ribery 23 9
95%
2013/14 LW France Franck Ribery 39 16
95%
2012/13 LW France Franck Ribery 43 11
95%
2011/12 LW France Franck Ribery 50 17
95%
2010/11 LW France Franck Ribery 32 11
95%
2009/10 LW France Franck Ribery 30 7
95%
2008/09 LW France Franck Ribery 36 14
95%
2007/08 LW France Franck Ribery 46 19
95%
2022/23 RW Germany Serge Gnabry 47 17
94%
2021/22 RW Germany Serge Gnabry 45 17
94%
2020/21 RW Germany Serge Gnabry 38 11
94%
2019/20 RW Germany Serge Gnabry 46 23
94%
2018/19 RW Germany Serge Gnabry 42 13
94%
2020/21 CB Austria David Alaba 45 2
93%
2019/20 CB Austria David Alaba 42 2
93%
2018/19 CB Austria David Alaba 43 3
93%
2017/18 CB Austria David Alaba 36 2
93%
2016/17 CB Austria David Alaba 47 5
93%
2015/16 CB Austria David Alaba 46 2
93%
2014/15 CB Austria David Alaba 29 5
93%
2013/14 CB Austria David Alaba 49 4
93%
2012/13 CB Austria David Alaba 38 5
93%
2011/12 CB Austria David Alaba 47 3
93%
2010/11 CB Austria David Alaba 3
93%
2009/10 CB Austria David Alaba 6
93%
2022/23 DM Germany Joshua Kimmich 47 7
93%
2021/22 DM Germany Joshua Kimmich 39 3
93%
2020/21 DM Germany Joshua Kimmich 39 6
93%
2019/20 DM Germany Joshua Kimmich 51 7
93%
2018/19 DM Germany Joshua Kimmich 48 2
93%
2017/18 DM Germany Joshua Kimmich 47 6
93%
2016/17 DM Germany Joshua Kimmich 40 9
93%
2015/16 DM Germany Joshua Kimmich 36
93%
2022/23 LW France Kingsley Coman 35 9
92%
2021/22 LW France Kingsley Coman 32 8
92%
2020/21 LW France Kingsley Coman 39 8
92%
2019/20 LW France Kingsley Coman 38 8
92%
2018/19 LW France Kingsley Coman 30 10
92%
2017/18 LW France Kingsley Coman 33 7
92%
2016/17 LW France Kingsley Coman 25 2
92%
2015/16 LW France Kingsley Coman 35 6
92%
2018/19 CB Germany Mats Hummels 33 2
92%
2017/18 CB Germany Mats Hummels 41 3
92%
2016/17 CB Germany Mats Hummels 42 3
92%
2006/07 CB Germany Mats Hummels 2
92%
2007/08 GK Germany Oliver Kahn 42
92%
2006/07 GK Germany Oliver Kahn 43
92%
2005/06 GK Germany Oliver Kahn 44
92%
2004/05 GK Germany Oliver Kahn 49
92%
2003/04 GK Germany Oliver Kahn 46
92%
2002/03 GK Germany Oliver Kahn 45
92%
2001/02 GK Germany Oliver Kahn 51
92%
2000/01 GK Germany Oliver Kahn 52
92%
2016/17 RB Germany Philipp Lahm 38 2
92%
2015/16 RB Germany Philipp Lahm 45 1
92%
2014/15 RB Germany Philipp Lahm 33 2
92%
2013/14 RB Germany Philipp Lahm 48 1
92%
2012/13 RB Germany Philipp Lahm 47
92%
2011/12 RB Germany Philipp Lahm 50
92%
2010/11 RB Germany Philipp Lahm 48 3
92%
2009/10 RB Germany Philipp Lahm 53 1
92%
2008/09 RB Germany Philipp Lahm 39 4
92%
2007/08 RB Germany Philipp Lahm 40 1
92%
2006/07 RB Germany Philipp Lahm 48 1
92%
2005/06 RB Germany Philipp Lahm 27
92%
2002/03 RB Germany Philipp Lahm 1
92%
2020/21 CB Germany Jerome Boateng 39 2
91%
2019/20 CB Germany Jerome Boateng 38
91%
2018/19 CB Germany Jerome Boateng 28
91%
2017/18 CB Germany Jerome Boateng 31 2
91%
2016/17 CB Germany Jerome Boateng 21
91%
2015/16 CB Germany Jerome Boateng 31
91%
2014/15 CB Germany Jerome Boateng 44 3
91%
2013/14 CB Germany Jerome Boateng 43 1
91%
2012/13 CB Germany Jerome Boateng 40 2
91%
2011/12 CB Germany Jerome Boateng 48
91%
2022/23 CM Germany Leon Goretzka 40 6
91%
2021/22 CM Germany Leon Goretzka 27 3
91%
2020/21 CM Germany Leon Goretzka 32 8
91%
2019/20 CM Germany Leon Goretzka 38 8
91%
2018/19 CM Germany Leon Goretzka 42 9
91%
2022/23 CB Netherlands Matthijs de Ligt 43 3
91%
2022/23 LW Senegal Sadio Mane 38 12
91%
2022/23 RB France Benjamin Pavard 43 7
89%
2021/22 RB France Benjamin Pavard 36
89%
2020/21 RB France Benjamin Pavard 36 1
89%
2019/20 RB France Benjamin Pavard 47 4
89%
2022/23 CB France Dayot Upamecano 43 1
88%
2021/22 CB France Dayot Upamecano 38 1
88%
2014/15 CM Germany Bastian Schweinsteiger 28 5
87%
2013/14 CM Germany Bastian Schweinsteiger 36 8
87%
2012/13 CM Germany Bastian Schweinsteiger 45 9
87%
2011/12 CM Germany Bastian Schweinsteiger 36 5
87%
2010/11 CM Germany Bastian Schweinsteiger 45 8
87%
2009/10 CM Germany Bastian Schweinsteiger 49 3
87%
2008/09 CM Germany Bastian Schweinsteiger 44 9
87%
2007/08 CM Germany Bastian Schweinsteiger 48 2
87%
2006/07 CM Germany Bastian Schweinsteiger 40 6
87%
2005/06 CM Germany Bastian Schweinsteiger 42 3
87%
2004/05 CM Germany Bastian Schweinsteiger 38 4
87%
2003/04 CM Germany Bastian Schweinsteiger 33 4
87%
2002/03 CM Germany Bastian Schweinsteiger 16 2
87%
2022/23 AM Germany Jamal Musiala 47 16
87%
2021/22 AM Germany Jamal Musiala 40 8
87%
2020/21 AM Germany Jamal Musiala 37 7
87%
2019/20 AM Germany Jamal Musiala 1
87%
2019/20 CM Spain Thiago Alcantara 40 3
86%
2018/19 CM Spain Thiago Alcantara 42 3
86%
2017/18 CM Spain Thiago Alcantara 32 7
86%
2016/17 CM Spain Thiago Alcantara 41 9
86%
2015/16 CM Spain Thiago Alcantara 42 4
86%
2014/15 CM Spain Thiago Alcantara 13 2
86%
2013/14 CM Spain Thiago Alcantara 25 3
86%
2020/21 DM Spain Javi Martinez 30 1
85%
2019/20 DM Spain Javi Martinez 24
85%
2018/19 DM Spain Javi Martinez 33 4
85%
2017/18 DM Spain Javi Martinez 37 2
85%
2016/17 DM Spain Javi Martinez 37 2
85%
2015/16 DM Spain Javi Martinez 27 1
85%
2014/15 DM Spain Javi Martinez 3
85%
2013/14 DM Spain Javi Martinez 34 1
85%
2012/13 DM Spain Javi Martinez 43 3
85%
2022/23 GK Germany Sven Ulreich 8
85%
2021/22 GK Germany Sven Ulreich 8
85%
2019/20 GK Germany Sven Ulreich 1
85%
2018/19 GK Germany Sven Ulreich 12
85%
2017/18 GK Germany Sven Ulreich 47
85%
2016/17 GK Germany Sven Ulreich 7
85%
2015/16 GK Germany Sven Ulreich 3
85%
2022/23 GK Switzerland Yann Sommer 25
85%
2022/23 ST Cameroon Eric Maxim Choupo-Moting 30 17
84%
2021/22 ST Cameroon Eric Maxim Choupo-Moting 26 9
84%
2020/21 ST Cameroon Eric Maxim Choupo-Moting 32 9
84%
2022/23 CB France Lucas Hernandez 11 1
83%
2021/22 CB France Lucas Hernandez 34
83%
2020/21 CB France Lucas Hernandez 37 1
83%
2019/20 CB France Lucas Hernandez 25
83%
2013/14 ST Croatia Mario Mandzukic 48 26
83%
2012/13 ST Croatia Mario Mandzukic 40 22
83%
2018/19 AM Colombia James Rodriguez 28 7
82%
2017/18 AM Colombia James Rodriguez 39 8
82%
2012/13 ST Germany Mario Gomez 32 19
82%
2011/12 ST Germany Mario Gomez 52 41
82%
2010/11 ST Germany Mario Gomez 45 39
82%
2009/10 ST Germany Mario Gomez 45 14
82%
2017/18 CM Chile Arturo Vidal 35 6
81%
2016/17 CM Chile Arturo Vidal 41 9
81%
2015/16 CM Chile Arturo Vidal 48 7
81%
2019/20 LM Croatia Ivan Perisic 35 8
81%
2015/16 AM Germany Mario Gotze 21 6
81%
2014/15 AM Germany Mario Gotze 48 15
81%
2013/14 AM Germany Mario Gotze 45 15
81%
2021/22 CB Germany Niklas Sule 38 1
80%
2020/21 CB Germany Niklas Sule 33 2
80%
2019/20 CB Germany Niklas Sule 16
80%
2018/19 CB Germany Niklas Sule 42 2
80%
2017/18 CB Germany Niklas Sule 42 2
80%
2016/17 DM Spain Xabi Alonso 38 3
80%
2015/16 DM Spain Xabi Alonso 39 2
80%
2014/15 DM Spain Xabi Alonso 40 4
80%
2013/14 CM Germany Toni Kroos 51 4
79%
2012/13 CM Germany Toni Kroos 37 9
79%
2011/12 CM Germany Toni Kroos 51 7
79%
2010/11 CM Germany Toni Kroos 37 2
79%
2008/09 CM Germany Toni Kroos 9 1
79%
2007/08 CM Germany Toni Kroos 20 1
79%
2021/22 CM France Corentin Tolisso 22 3
78%
2020/21 CM France Corentin Tolisso 24 3
78%
2019/20 CM France Corentin Tolisso 28 4
78%
2018/19 CM France Corentin Tolisso 4 1
78%
2017/18 CM France Corentin Tolisso 40 10
78%
2015/16 CB Brazil Dante 2
78%
2014/15 CB Brazil Dante 39
78%
2013/14 CB Brazil Dante 47 4
78%
2012/13 CB Brazil Dante 45 1
78%
2020/21 RW Brazil Douglas Costa 20 1
78%
2016/17 RW Brazil Douglas Costa 34 7
78%
2015/16 RW Brazil Douglas Costa 43 7
78%
2022/23 CM Austria Marcel Sabitzer 24 1
78%
2021/22 CM Austria Marcel Sabitzer 30 1
78%
2010/11 ST Germany Miroslav Klose 27 6
77%
2009/10 ST Germany Miroslav Klose 38 6
77%
2008/09 ST Germany Miroslav Klose 38 20
77%
2007/08 ST Germany Miroslav Klose 47 21
77%
2014/15 ST Peru Claudio Pizarro 17 1
75%
2013/14 ST Peru Claudio Pizarro 26 11
75%
2012/13 ST Peru Claudio Pizarro 28 13
75%
2006/07 ST Peru Claudio Pizarro 45 12
75%
2005/06 ST Peru Claudio Pizarro 38 17
75%
2004/05 ST Peru Claudio Pizarro 35 21
75%
2003/04 ST Peru Claudio Pizarro 43 12
75%
2002/03 ST Peru Claudio Pizarro 45 19
75%
2001/02 ST Peru Claudio Pizarro 50 19
75%
2019/20 LW Brazil Philippe Coutinho 38 11
75%
2018/19 RB Brazil Rafinha 26 1
75%
2017/18 RB Brazil Rafinha 39 1
75%
2016/17 RB Brazil Rafinha 28 1
75%
2015/16 RB Brazil Rafinha 34
75%
2014/15 RB Brazil Rafinha 41
75%
2013/14 RB Brazil Rafinha 46
75%
2012/13 RB Brazil Rafinha 17 2
75%
2011/12 RB Brazil Rafinha 35 1
75%
2022/23 RB Morocco Noussair Mazraoui 26 1
74%
2012/13 DM Germany Emre Can 7 1
71%
2009/10 ST Italy Luca Toni 8 1
69%
2008/09 ST Italy Luca Toni 35 18
69%
2007/08 ST Italy Luca Toni 46 39
69%
2022/23 ST France Mathys Tel 28 6
68%
2017/18 LB Spain Juan Bernat 12
67%
2016/17 LB Spain Juan Bernat 25 4
67%
2015/16 LB Spain Juan Bernat 27
67%
2014/15 LB Spain Juan Bernat 49 1
67%
2019/20 CM Portugal Renato Sanches 3
67%
2018/19 CM Portugal Renato Sanches 24 2
67%
2017/18 CM Portugal Renato Sanches 1
67%
2016/17 CM Portugal Renato Sanches 25
67%
2014/15 AM Switzerland Xherdan Shaqiri 15 2
67%
2013/14 AM Switzerland Xherdan Shaqiri 27 7
67%
2012/13 AM Switzerland Xherdan Shaqiri 39 8
67%
2013/14 CB Belgium Daniel Van Buyten 19 1
66%
2012/13 CB Belgium Daniel Van Buyten 23
66%
2011/12 CB Belgium Daniel Van Buyten 22 4
66%
2010/11 CB Belgium Daniel Van Buyten 29 2
66%
2009/10 CB Belgium Daniel Van Buyten 48 9
66%
2008/09 CB Belgium Daniel Van Buyten 25 4
66%
2007/08 CB Belgium Daniel Van Buyten 27 3
66%
2006/07 CB Belgium Daniel Van Buyten 46 5
66%
2011/12 ST Croatia Ivica Olic 29 4
66%
2010/11 ST Croatia Ivica Olic 10
66%
2009/10 ST Croatia Ivica Olic 41 19
66%
2022/23 CM Netherlands Ryan Gravenberch 33 1
66%
2022/23 RB Croatia Josip Stanisic 23
64%
2021/22 RB Croatia Josip Stanisic 17 1
64%
2020/21 RB Croatia Josip Stanisic 1
64%
2015/16 CB Morocco Medhi Benatia 22 1
64%
2014/15 CB Morocco Medhi Benatia 24 2
64%
2022/23 RB Portugal Joao Cancelo 21 1
63%
2022/23 RB Senegal Bouna Sarr 1
62%
2021/22 RB Senegal Bouna Sarr 12 1
62%
2020/21 RB Senegal Bouna Sarr 15
62%
2008/09 AM Germany Lukas Podolski 31 9
62%
2007/08 AM Germany Lukas Podolski 41 10
62%
2006/07 AM Germany Lukas Podolski 34 7
62%
2010/11 DM Netherlands Mark van Bommel 18
62%
2009/10 DM Netherlands Mark van Bommel 40 2
62%
2008/09 DM Netherlands Mark van Bommel 41 3
62%
2007/08 DM Netherlands Mark van Bommel 48 3
62%
2006/07 DM Netherlands Mark van Bommel 40 8
62%
2016/17 CB Germany Holger Badstuber 3
61%
2015/16 CB Germany Holger Badstuber 9
61%
2014/15 CB Germany Holger Badstuber 16 1
61%
2012/13 CB Germany Holger Badstuber 18
61%
2011/12 CB Germany Holger Badstuber 50
61%
2010/11 CB Germany Holger Badstuber 32
61%
2009/10 CB Germany Holger Badstuber 49 1
61%
2011/12 GK Germany Hans-Jorg Butt 3
59%
2010/11 GK Germany Hans-Jorg Butt 30
59%
2009/10 GK Germany Hans-Jorg Butt 47 1
59%
2008/09 GK Germany Hans-Jorg Butt 11
59%
2008/09 CB Brazil Lucio 44 2
59%
2007/08 CB Brazil Lucio 46 3
59%
2006/07 CB Brazil Lucio 37 2
59%
2005/06 CB Brazil Lucio 43 2
59%
2004/05 CB Brazil Lucio 48 3
59%
2010/11 CB Argentina Martin Demichelis 10 1
59%
2009/10 CB Argentina Martin Demichelis 34 1
59%
2008/09 CB Argentina Martin Demichelis 40 4
59%
2007/08 CB Argentina Martin Demichelis 44 1
59%
2006/07 CB Argentina Martin Demichelis 35 3
59%
2005/06 CB Argentina Martin Demichelis 40 3
59%
2004/05 CB Argentina Martin Demichelis 35
59%
2003/04 CB Argentina Martin Demichelis 21 2
59%
2005/06 CM Germany Michael Ballack 37 16
58%
2004/05 CM Germany Michael Ballack 42 20
58%
2003/04 CM Germany Michael Ballack 40 11
58%
2002/03 CM Germany Michael Ballack 38 15
58%
2006/07 ST Netherlands Roy Makaay 46 18
58%
2005/06 ST Netherlands Roy Makaay 45 20
58%
2004/05 ST Netherlands Roy Makaay 48 34
58%
2003/04 ST Netherlands Roy Makaay 44 31
58%
2012/13 DM Brazil Luiz Gustavo 36 4
57%
2011/12 DM Brazil Luiz Gustavo 46 1
57%
2010/11 DM Brazil Luiz Gustavo 18 1
57%
2005/06 LB France Bixente Lizarazu 27
55%
2004/05 LB France Bixente Lizarazu 19
55%
2003/04 LB France Bixente Lizarazu 35 1
55%
2002/03 LB France Bixente Lizarazu 34 2
55%
2001/02 LB France Bixente Lizarazu 40 1
55%
2000/01 LB France Bixente Lizarazu 26
55%
2010/11 RM Turkey Hamit Altintop 25 2
52%
2009/10 RM Turkey Hamit Altintop 26 1
52%
2008/09 RM Turkey Hamit Altintop 18 2
52%
2007/08 RM Turkey Hamit Altintop 40 8
52%
2015/16 CM Denmark Pierre-Emile Hojbjerg 1
52%
2014/15 CM Denmark Pierre-Emile Hojbjerg 13
52%
2013/14 CM Denmark Pierre-Emile Hojbjerg 9
52%
2012/13 CM Denmark Pierre-Emile Hojbjerg 2
52%
2008/09 LM Brazil Ze Roberto 42 7
52%
2007/08 LM Brazil Ze Roberto 49 5
52%
2005/06 LM Brazil Ze Roberto 39 1
52%
2004/05 LM Brazil Ze Roberto 36 3
52%
2003/04 LM Brazil Ze Roberto 40 2
52%
2002/03 LM Brazil Ze Roberto 42 2
52%
2003/04 ST Brazil Giovane Elber 5 2
51%
2002/03 ST Brazil Giovane Elber 48 31
51%
2001/02 ST Brazil Giovane Elber 47 24
51%
2000/01 ST Brazil Giovane Elber 44 21
51%
2006/07 ST Paraguay Roque Santa Cruz 38 3
51%
2005/06 ST Paraguay Roque Santa Cruz 19 4
51%
2004/05 ST Paraguay Roque Santa Cruz 7 4
51%
2003/04 ST Paraguay Roque Santa Cruz 41 9
51%
2002/03 ST Paraguay Roque Santa Cruz 19 7
51%
2001/02 ST Paraguay Roque Santa Cruz 38 9
51%
2000/01 ST Paraguay Roque Santa Cruz 28 6
51%
2020/21 ST Netherlands Joshua Zirkzee 5
50%
2019/20 ST Netherlands Joshua Zirkzee 12 4
50%
2006/07 RM Bosnia Hasan Salihamidzic 44 5
49%
2005/06 RM Bosnia Hasan Salihamidzic 25 2
49%
2004/05 RM Bosnia Hasan Salihamidzic 45 5
49%
2003/04 RM Bosnia Hasan Salihamidzic 46 5
49%
2002/03 RM Bosnia Hasan Salihamidzic 22 5
49%
2001/02 RM Bosnia Hasan Salihamidzic 31 7
49%
2000/01 RM Bosnia Hasan Salihamidzic 50 7
49%
2006/07 DM England Owen Hargreaves 17
49%
2005/06 DM England Owen Hargreaves 24 3
49%
2004/05 DM England Owen Hargreaves 38 3
49%
2003/04 DM England Owen Hargreaves 35 2
49%
2002/03 DM England Owen Hargreaves 35 2
49%
2001/02 DM England Owen Hargreaves 49
49%
2000/01 DM England Owen Hargreaves 20
49%
2007/08 RB France Willy Sagnol 17
46%
2006/07 RB France Willy Sagnol 37 1
46%
2005/06 RB France Willy Sagnol 44 1
46%
2004/05 RB France Willy Sagnol 32 1
46%
2003/04 RB France Willy Sagnol 30 1
46%
2002/03 RB France Willy Sagnol 33 3
46%
2001/02 RB France Willy Sagnol 41 1
46%
2000/01 RB France Willy Sagnol 43
46%
2012/13 DM Ukraine Anatoliy Tymoshchuk 24 1
44%
2011/12 DM Ukraine Anatoliy Tymoshchuk 39
44%
2010/11 DM Ukraine Anatoliy Tymoshchuk 37 4
44%
2009/10 DM Ukraine Anatoliy Tymoshchuk 32 1
44%
2021/22 CB United States Chris Richards 2
43%
2020/21 CB United States Chris Richards 7
43%
2019/20 CB United States Chris Richards 1
43%
2021/22 LB England Omar Richards 17
43%
2014/15 GK Spain Pepe Reina 3
43%
2018/19 ST Germany Sandro Wagner 12 1
42%
2017/18 ST Germany Sandro Wagner 18 9
42%
2007/08 ST Germany Sandro Wagner 8 1
42%
2022/23 LB Netherlands Daley Blind 5
41%
2021/22 DM Spain Marc Roca 13
41%
2020/21 DM Spain Marc Roca 11
41%
2002/03 DM Croatia Niko Kovac 25 2
41%
2001/02 DM Croatia Niko Kovac 26 3
41%
2004/05 CB Croatia Robert Kovac 34
41%
2003/04 CB Croatia Robert Kovac 28
41%
2002/03 CB Croatia Robert Kovac 35
41%
2001/02 CB Croatia Robert Kovac 47
41%
2011/12 LB Croatia Danijel Pranjic 14
40%
2010/11 LB Croatia Danijel Pranjic 40
40%
2009/10 LB Croatia Danijel Pranjic 31 1
40%
2006/07 AM Germany Mehmet Scholl 20 1
40%
2005/06 AM Germany Mehmet Scholl 27 5
40%
2004/05 AM Germany Mehmet Scholl 27 5
40%
2003/04 AM Germany Mehmet Scholl 9 1
40%
2002/03 AM Germany Mehmet Scholl 27 4
40%
2001/02 AM Germany Mehmet Scholl 23 7
40%
2000/01 AM Germany Mehmet Scholl 48 16
40%
2001/02 CM Germany Stefan Effenberg 29 3
40%
2000/01 CM Germany Stefan Effenberg 30 5
40%
2017/18 GK Germany Tom Starke 2
40%
2016/17 GK Germany Tom Starke 3
40%
2013/14 GK Germany Tom Starke 3
40%
2012/13 GK Germany Tom Starke 4
40%
2004/05 CB Ghana Samuel Kuffour 13
38%
2003/04 CB Ghana Samuel Kuffour 33 1
38%
2002/03 CB Ghana Samuel Kuffour 30 1
38%
2001/02 CB Ghana Samuel Kuffour 40 1
38%
2000/01 CB Ghana Samuel Kuffour 38 1
38%
2015/16 CM Germany Sebastian Rode 17 1
38%
2014/15 CM Germany Sebastian Rode 35 3
38%
2020/21 GK Germany Alexander Nubel 4
37%
2008/09 SS United States Landon Donovan 7
36%
2017/18 DM Germany Sebastian Rudy 35 1
36%
2004/05 DM Germany Torsten Frings 45 5
34%
2013/14 LB Germany Diego Contento 13
32%
2012/13 LB Germany Diego Contento 8
32%
2011/12 LB Germany Diego Contento 15
32%
2010/11 LB Germany Diego Contento 19
32%
2009/10 LB Germany Diego Contento 14
32%
2009/10 GK Germany Michael Rensing 7
32%
2008/09 GK Germany Michael Rensing 37
32%
2007/08 GK Germany Michael Rensing 18
32%
2006/07 GK Germany Michael Rensing 5
32%
2005/06 GK Germany Michael Rensing 8
32%
2004/05 GK Germany Michael Rensing 6
32%
2003/04 GK Germany Michael Rensing 2
32%
2019/20 RB Spain Alvaro Odriozola 5
31%
2010/11 CM Argentina Jose Sosa 1
31%
2009/10 CM Argentina Jose Sosa 6
31%
2008/09 CM Argentina Jose Sosa 21 2
31%
2007/08 CM Argentina Jose Sosa 25
31%
2021/22 CM France Michael Cuisance 2 1
31%
2020/21 CM France Michael Cuisance 1
31%
2019/20 CM France Michael Cuisance 10 1
31%
2005/06 ST Peru Paolo Guerrero 24 6
31%
2004/05 ST Peru Paolo Guerrero 20 7
31%
2003/04 ST Peru Paolo Guerrero 1
31%
2021/22 CB France Tanguy Nianzou 22 1
31%
2020/21 CB France Tanguy Nianzou 6
31%
2010/11 CB Brazil Breno 18
30%
2009/10 CB Brazil Breno 4
30%
2008/09 CB Brazil Breno 9
30%
2007/08 CB Brazil Breno 2
30%
2022/23 AM Germany Arijon Ibrahimovic 1
28%
2001/02 ST Germany Carsten Jancker 28 3
28%
2000/01 ST Germany Carsten Jancker 44 17
28%
2009/10 RB Germany Christian Lell 1
28%
2008/09 RB Germany Christian Lell 28
28%
2007/08 RB Germany Christian Lell 48 2
28%
2006/07 RB Germany Christian Lell 16
28%
2003/04 RB Germany Christian Lell 5
28%
2010/11 DM Germany Andreas Ottl 22 1
27%
2009/10 DM Germany Andreas Ottl 9
27%
2008/09 DM Germany Andreas Ottl 32
27%
2007/08 DM Germany Andreas Ottl 33 3
27%
2006/07 DM Germany Andreas Ottl 35 2
27%
2005/06 DM Germany Andreas Ottl 10 2
27%
2005/06 DM Germany Jens Jeremies 18
27%
2004/05 DM Germany Jens Jeremies 12
27%
2003/04 DM Germany Jens Jeremies 30 1
27%
2002/03 DM Germany Jens Jeremies 40 1
27%
2001/02 DM Germany Jens Jeremies 20 1
27%
2000/01 DM Germany Jens Jeremies 35 4
27%
2000/01 CB Sweden Patrik Andersson 37 1
27%
2019/20 AM New Zealand Sarpreet Singh 2
27%
2021/22 AM United States Malik Tillman 7 1
26%
2008/09 RB Italy Massimo Oddo 27
26%
2006/07 AM Iran Ali Karimi 16 1
25%
2005/06 AM Iran Ali Karimi 26 3
25%
2004/05 CB Germany Thomas Linke 18
25%
2003/04 CB Germany Thomas Linke 28
25%
2002/03 CB Germany Thomas Linke 44 1
25%
2001/02 CB Germany Thomas Linke 32
25%
2000/01 CB Germany Thomas Linke 44 1
25%
2016/17 CM United States Julian Green 2 1
24%
2015/16 CM United States Julian Green 1
24%
2013/14 CM United States Julian Green 1
24%
2021/22 GK Germany Christian Fruchtl 1
23%
2001/02 RW Brazil Paulo Sergio 39 5
23%
2000/01 RW Brazil Paulo Sergio 38 8
23%
2022/23 AM Germany Paul Wanner 4
23%
2021/22 AM Germany Paul Wanner 4
23%
2006/07 RM Germany Sebastian Deisler 5
23%
2005/06 RM Germany Sebastian Deisler 26 3
23%
2004/05 RM Germany Sebastian Deisler 34 6
23%
2003/04 RM Germany Sebastian Deisler 15 4
23%
2002/03 RM Germany Sebastian Deisler 10
23%
2008/09 CM Germany Tim Borowski 35 7
23%
2017/18 CB Germany Lukas Mai 2
22%
2010/11 GK Germany Thomas Kraft 19
22%
2006/07 CB France Valerien Ismael 1
22%
2005/06 CB France Valerien Ismael 45 2
22%
2010/11 LB Netherlands Edson Braafheid 5
21%
2009/10 LB Netherlands Edson Braafheid 14
21%
2020/21 ST Germany Jann-Fiete Arp 1
21%
2011/12 ST Germany Nils Petersen 15 4
21%
2004/05 ST Germany Alexander Zickler 1
20%
2002/03 ST Germany Alexander Zickler 18 4
20%
2001/02 ST Germany Alexander Zickler 25 4
20%
2000/01 ST Germany Alexander Zickler 35 7
20%
2014/15 RB Germany Mitchell Weiser 16 1
20%
2013/14 RB Germany Mitchell Weiser 4
20%
2012/13 RB Germany Mitchell Weiser 1
20%
2022/23 LW Croatia Gabriel Vidovic 1
19%
2021/22 LW Croatia Gabriel Vidovic 3
19%
2014/15 CM Germany Gianluca Gaudino 11
19%
2020/21 CM Portugal Tiago Dantas 2
19%
2001/02 CM Switzerland Ciriaco Sforza 24 1
18%
2000/01 CM Switzerland Ciriaco Sforza 33
18%
2007/08 ST Germany Marcell Jansen 33
18%
2011/12 ST Japan Takasha Usami 5 1
18%
2015/16 CB Germany Serdar Tasci 3
17%
2004/05 ST Iran Vahid Hashemian 15 1
17%
2002/03 LB Germany Michael Tarnat 22 2
16%
2001/02 LB Germany Michael Tarnat 17 1
16%
2000/01 LB Germany Michael Tarnat 38 2
16%
2015/16 CB Germany Jan Kirchhoff 1
15%
2013/14 CB Germany Jan Kirchhoff 11
15%
2018/19 AM South Korea Jeong Woo-yeong 2
15%
2019/20 ST Ghana Kwasi Wriedt 1
15%
2017/18 ST Ghana Kwasi Wriedt 2
15%
2017/18 DM Germany Niklas Dorsch 1 1
14%
2003/04 DM Germany Thorsten Fink 1
14%
2002/03 DM Germany Thorsten Fink 16
14%
2001/02 DM Germany Thorsten Fink 45 2
14%
2000/01 DM Germany Thorsten Fink 38 2
14%
2007/08 SS Germany Jan Schlaudraff 14
13%
2007/08 CM Paraguay Julio dos Santos 1
13%
2006/07 CM Paraguay Julio dos Santos 8
13%
2005/06 CM Paraguay Julio dos Santos 1
13%
2006/07 GK Germany Bernd Dreher 1
12%
2005/06 GK Germany Bernd Dreher 1
12%
2000/01 GK Germany Bernd Dreher 1
12%
2017/18 CB Austria Marco Friedl 2
12%
2019/20 AM Germany Oliver Batista Meier 1
12%
2004/05 AM Germany Piotr Trochowski 1
12%
2003/04 AM Germany Piotr Trochowski 11 1
12%
2002/03 AM Germany Piotr Trochowski 3
12%
2001/02 AM Germany Steffen Hofmann 1
12%
2003/04 AM Bosnia Zvjezdan Misimovic 3
12%
2002/03 AM Bosnia Zvjezdan Misimovic 1
12%
2009/10 RB Germany Andreas Gorlitz 1
11%
2006/07 RB Germany Andreas Gorlitz 13
11%
2004/05 RB Germany Andreas Gorlitz 12
11%
2004/05 LB Germany Tobias Rau 8
11%
2003/04 LB Germany Tobias Rau 11
11%
2013/14 GK Germany Lukas Raeder 3
10%
2014/15 LW Germany Sinan Kurt 1
10%
2000/01 DM Germany Thomas Strunz 9
10%
2009/10 AM Germany Alexander Baumjohann 4
9%
2020/21 DM Germany Angelo Stiller 3
9%
2002/03 DM Guinea Pablo Thiam 6
9%
2001/02 DM Guinea Pablo Thiam 22
9%
2002/03 GK Germany Stefan Wessels 5
9%
2001/02 GK Germany Stefan Wessels 5
9%
2000/01 GK Germany Stefan Wessels 3
9%
2017/18 ST Cameroon Franck Evina 2
8%
2021/22 ST Germany Lucas Copado 1
8%
2015/16 AM Serbia Milos Pantovic 1
8%
2020/21 CB Germany Bright Arrey-Mbi 1
6%
2000/01 RM Germany Michael Wiesinger 15 1
6%
2006/07 ST Austria Stefan Maierhofer 2
6%
2021/22 CM United States Taylor Booth 1
6%
2000/01 ST Turkey Berkant Goktan 1
5%
2020/21 AM Germany Christopher Scott 2
5%
2016/17 LW Croatia Fabian Benko 1
5%
2003/04 CM Germany Markus Feulner 2
5%
2002/03 CM Germany Markus Feulner 14 1
5%
2001/02 CM Germany Markus Feulner 5
5%
2018/19 AM Germany Meritan Shabani 2
5%
2017/18 AM Germany Meritan Shabani 1
5%
2000/01 LM Poland Slawomir Wojciechowski 2
5%
2020/21 SS Germany Armindo Sieb 1
4%
2020/21 RW Latvia Daniels Ontuzans 1
4%
2020/21 SS Germany Leon Dajaku 1
4%
2019/20 SS Germany Leon Dajaku 2
4%
2006/07 DM Germany Stephan Furstner 1
4%
2001/02 ST Germany Antonio Di Salvo 1
3%
2000/01 ST Germany Antonio Di Salvo 6
3%
2006/07 ST Cameroon Louis Ngwat-Mahop 1
3%
2014/15 RM Germany Lukas Gortler 1
3%
2014/15 DM Germany Rico Strieder 1
3%
2013/14 LB Austria Ylli Sallahi 1
3%
No matching quizzes found
Score Distribution
Percent of People with Each Score
Percentile by Number Answered
Your Score History
You have not taken this quiz